000 00517nam a22001937a 4500
001 741
003 DO-SdBNP
005 20171129133334.0
007 741
008 160525b 19uu xx || |||| 00| 0 spa d
040 _aBPMSU
_bspa
_cBPMSU
100 1 _aBarrios, Eduardo
245 1 0 _aEl niño que enloquecío de amor /
_cEduardo Barrios.
260 _a[s.l
_bs.n.
_c190?]
300 _a58 p. :
_bil. ;
_c22 cm.
942 _2ddc
_cBK
945 _ainventariado extranjero / DG
956 _aVMATEO
_b10
_c20160525
_dBPMSU
_f0069
999 _c10221
_d10221